00451nam a2200169Ia 4500999001500000003000400015005001700019008004100036040000900077082001800086100002100104245003800125260005600163300000900219650001100228942004200239 c1225d1225OSt20200930125021.0190216s9999||||xx |||||||||||||| ||und|| coclc a635.65bKAC/P aKachroo, P95209 0aPulse Crops Of India /cP Kachroo bIndian Council Of Agri Research,c1970.aNew Delhi: a334p aBotany cBK2ddch635.65iKAC/Pk635.65mKAC/P